| 000 | 00757nam a22002177a 4500 | ||
|---|---|---|---|
| 999 |
_c13284 _d13284 |
||
| 003 | AR-CdUCM | ||
| 008 | 190411b ||||| |||| 00| 0 spa d | ||
| 040 |
_aMUNICIPALIDAD PROVINCIAL DEL CUSCO _cBIBLIOTECA MUNICIPAL DEL CUSCO |
||
| 082 |
_a262.5 / _bP438 / 1947 |
||
| 100 |
_aPerez de Ayala, Martin _931618 |
||
| 245 |
_aEl concilio de Trento : _bDiscurso de la vida / |
||
| 260 |
_aBuenos Aires : _bEspasa - Calpe Argentina, _c1947. |
||
| 300 |
_a152 páginas ; _c18 cm. |
||
| 440 |
_aColección Austral _n689 _931619 |
||
| 505 | _aContenido: Discurso de vida -- El concilio de trento. | ||
| 650 |
_aIglesia Catolica _93151 |
||
| 650 |
_aObispo _930372 |
||
| 700 |
_aGonzales de Mendoza, P. _931620 |
||
| 942 |
_2ddc _cLIBROS |
||
| 945 |
_acmm _d2019-04-11 |
||